00430cam a22001452 4500001001100000005001700011008004100028020002600069040001500095100002900110245006900139260003400208300001100242700003100253000000836520151217160116.0080315s xx 000 0 eng d a0521399467 :cKES 750 aKABUcKABU1 aCook, Helen.@000015892210aPussy cat, pussy cat /cselected by Helen Cook and Morag Styles. aCambridge :bC. U. P.,c1991. a32 p.1 aStyles, Morag.@0000158923